Statistiques concernant Rappeur Francophone

Cliquez ici pour prendre le quiz!

Statistiques générales

  • Ce quiz a été pris 662 fois
  • Le résultat moyen est 7 sur 8

Statistiques - réponses

Réponse% Correct
Jul
99%
Ninho
99%
Booba
97%
SCH
96%
Ademo et N.O.S
95%
Niska
95%
Damso
84%
IAM
47%

Distribution des résultats

Percentile par nombre de réponses

% des personnes avec chaque résultat

Votre développement - résultats

Vous n’avez pas pris ce quiz